[Event "1st Heraklion Tal 2019"]
[Site "Heraklion"]
[Date "2019.05.04"]
[Round "6.3"]
[White "Marinakis, Hristos"]
[Black "Stoyanov, Tsvetan"]
[Result "1-0"]
[WhiteElo "2085"]
[BlackElo "2406"]
[Annotator "TA"]
[PlyCount "81"]
[EventDate "2019.04.29"]
[EventType "tourn"]
[EventCountry "GRE"]
[SourceTitle "playchess.com"]
[Source "ChessBase"]
[SourceQuality "1"]

{[%evp 16,81,46,0,22,7,10,8,14,1,17,13,15,18,14,11,19,-2,0,0,23,22,30,22,42,11,4,10,47,37,48,48,90,89,113,55,257,252,267,272,244,188,252,219,214,226,331,322,300,291,1998,1297,29987,1079,1072,1070,1015,1015,3486,2575,29984,29985,29985,29986,29986,29987,29986,29970]} 1. e4 d6 2. d4 g6 3. Nf3 Bg7 4. Bd3 Nf6 5. O-O O-O 6. Re1 Nc6 7. Nbd2 e5 8. c3 Nh5 9. dxe5 dxe5 {B07: Pirc Defence: Miscellaneous Systems} 10. Nb3 (10. Nc4 Nf4 11. Bf1 Qxd1 12. Rxd1 Bg4 13. Bxf4 exf4 14. h3 Bxf3 15. gxf3 Rad8 16. a4 Rfe8 17. Kg2 Kf8 18. Be2 Ke7 19. Rxd8 Rxd8 {1-0 (61) Adair,J (2480)-Hjartarson,J (2540) chess.com INT 2017}) 10... h6 $146 ({Predecessor:} 10... Nf4 11. Bxf4 exf4 12. h3 Ne5 13. Nxe5 Bxe5 14. Be2 Qe7 15. Bg4 Rd8 16. Qe2 Bxg4 17. Qxg4 {1-0 (36) Domont,A (2340)-Ditzler,J (2200) Zuerich 1995}) 11. Be3 Qf6 {The position is equal.} 12. Be2 Nf4 13. Bxf4 exf4 14. Nbd4 Nxd4 15. cxd4 Qb6 16. Qd2 g5 17. h3 a5 18. Rac1 c6 19. Bc4 Qd8 20. d5 cxd5 $1 21. Bxd5 Ra6 22. Rcd1 Qe7 23. e5 $36 {[%mdl 2048] White has some pressure.} h5 24. Nd4 Kh8 25. Nb5 (25. Be4 $16) 25... g4 $2 {[#]} ({Better is} 25... Bxe5 $14 26. Qe2 f6) 26. Nd6 $1 $18 (26. Qxf4 $6 Rg6 $16) 26... gxh3 27. Qxf4 Be6 28. Bf3 hxg2 (28... Rb6 {was worth a try.} 29. gxh3 Bxa2) 29. Kxg2 (29. Bxg2 Rb6 $16) 29... Rg8 {White must now prevent ...Bxe5+.} 30. Kh1 Rb6 (30... Bf8 {is a better defense.} 31. Bxh5 Rb6) 31. Rg1 {Hoping for Rg5.} ({Don't take} 31. Bxh5 $6 Bf8 $18) 31... Rb4 32. Be4 {aiming for Rg5.} f5 $2 (32... Bf8 33. Rxg8+ Kxg8 34. Rg1+ Bg7) 33. Rg5 Rf8 {[#]} 34. Qh4 $1 {[%mdl 512]} Bh6 {[#]} 35. Rg8+ $1 {[%mdl 576] Discovered Attack} Bxg8 36. Qxe7 fxe4 {[#]} 37. Qh4 $1 {[%mdl 64] Double Attack} e3 38. Qxh5 {White mates.} Kh7 {[#]} 39. Nf5 $1 Rxf5 40. Qxf5+ Kh8 {[#]} 41. e6 {Played: Qf5-h5} 1-0

[Event "1st Heraklion Tal 2019"]
[Site "Heraklion"]
[Date "2019.05.04"]
[Round "6.4"]
[White "Milonakis, Georgios"]
[Black "Navaratnam, Rohan Shan Tze"]
[Result "0-1"]
[WhiteElo "2285"]
[BlackElo "2180"]
[Annotator "TA"]
[PlyCount "38"]
[EventDate "2019.04.29"]
[EventType "tourn"]
[EventCountry "GRE"]
[SourceTitle "playchess.com"]
[Source "ChessBase"]
[SourceQuality "1"]

{[%evp 9,109,-20,-20,-4,-1,-24,-16,-27,-21,-19,-21,-29,0,-62,-65,-72,-85,-138,-127,-105,-117,-150,-123,-327,-345,-381,-375,-462,-151,-150,-141,-152,-152,-144,-145,-135,-148,-137,-110,-126,-99,-143,-98,-127,-133,-105,-108,-129,-129,-178,-184,-304,-279,-369,-358,-329,-327,-360,-350,-422,-309,-306,-307,-397,-358,-437,-491,-467,-436,-648,-606,-623,-628,-618,-591,-1091,-825,-755,-619,-29976,-866,-831,-774,-759,-727,-686,-595,-576,-598,-598,-572,-581,-591,-570,-568,-995,-958,-1893,-1840,-5516,0,-752]} 1. Nf3 d5 2. g3 Nc6 3. Bg2 e5 4. d3 f6 5. O-O Be6 6. c3 {A07: Réti Opening: New York and Capablanca Systems} (6. e4 dxe4 7. dxe4 Qxd1 8. Rxd1 Bc5 9. c3 Nge7 10. Nbd2 Rd8 11. Re1 O-O 12. Bf1 Kh8 13. Bc4 Bh3 14. Bf1 Be6 15. Bc4 Bh3 {½-½ (15) Popovic,D (2628)-Roganovic,M (2524) Belgrade 2014}) 6... h5 7. e4 Qd7 8. b4 $146 ({Predecessor:} 8. Nbd2 dxe4 9. dxe4 O-O-O 10. b4 Bh3 11. b5 Nb8 12. Qa4 {0-1 (42) Ribbegren,K (2158)-Tate,A (2175) Novi Sad 2009}) 8... dxe4 9. dxe4 O-O-O 10. Qa4 Kb8 $36 {[%mdl 2048] Black has the initiative.} 11. b5 (11. Be3 $11 a6 12. Nbd2) 11... Nce7 $15 12. Be3 {[#]} Nc8 $1 13. Nbd2 ({Better is} 13. c4) 13... Nh6 $17 14. Rfd1 Ng4 15. Nc4 Bd6 16. Bc5 $2 (16. Bc1 $17) 16... Bxc5 $19 17. Rxd7 Bxf2+ 18. Kf1 Bxc4+ $2 (18... Rxd7 $19 19. Na5 Nb6) 19. Qxc4 $17 Rxd7 {Played: Ng4-e3} 0-1

[Event "1st Heraklion Tal 2019"]
[Site "Heraklion"]
[Date "2019.05.04"]
[Round "6.5"]
[White "Dudin, Gleb"]
[Black "Kozhuharov, Spas"]
[Result "1/2-1/2"]
[WhiteElo "2332"]
[BlackElo "2434"]
[Annotator "NA"]
[PlyCount "63"]
[EventDate "2019.04.29"]
[EventType "tourn"]
[EventCountry "GRE"]
[SourceTitle "playchess.com"]
[Source "ChessBase"]
[SourceQuality "1"]
[TimeControl "40/5400+30:1800+30"]

1. Nf3 {[%emt 0:03:12]} Nf6 {[%emt 0:00:15]} 2. c4 {[%emt 0:00:10]} e6 {[%emt 0:00:47]} 3. e3 {[%emt 0:03:03]} c5 {[%emt 0:01:23]} 4. b3 {[%emt 0:02:29]} Be7 {[%emt 0:01:29]} 5. Bb2 {[%emt 0:00:07]} O-O {[%emt 0:00:04]} 6. Be2 {[%emt 0:00:26]} b6 {[%emt 0:00:56]} 7. O-O {[%emt 0:00:05]} Bb7 {[%emt 0:00:31]} 8. d3 {[%emt 0:06:56]} d5 {[%emt 0:02:12]} 9. Nbd2 {[%emt 0:02:30]} Nc6 {[%emt 0:06:57]} 10. cxd5 {[%emt 0:00:47]} Qxd5 {[%emt 0:02:10]} 11. a3 {[%emt 0:00:23]} Rfd8 {[%emt 0:03:46]} 12. Qc2 {[%emt 0:00:12]} Ng4 {[%emt 0:13:38]} 13. Rfd1 {[%emt 0:10:09]} Bf6 {[%emt 0:06:31]} 14. h3 {[%emt 0:09:30]} Bxb2 {[%emt 0:03:35]} 15. Qxb2 {[%emt 0:00:06]} Nf6 {[%emt 0:02:44]} 16. Rac1 {[%emt 0:04:20]} Rac8 {[%emt 0:01:48]} 17. Bf1 {[%emt 0:00:46]} h6 {[%emt 0:00:58]} 18. Nc4 {[%emt 0:02:15]} Kf8 {[%emt 0:09:58]} 19. d4 {[%emt 0:27:24]} cxd4 {[%emt 0:03:44]} 20. Nxd4 {[%emt 0:00:12]} Nxd4 {[%emt 0:02:30]} 21. Rxd4 {[%emt 0:00:08]} Qc5 {[%emt 0:01:36]} 22. b4 {[%emt 0:06:16]} Qc7 {[%emt 0:04:22]} 23. Na5 {[%emt 0:04:22]} Qe7 {[%emt 0:03:34]} 24. Nxb7 {[%emt 0:03:01]} Qxb7 {[%emt 0:00:18]} 25. Rxd8+ {[%emt 0:00:23]} Rxd8 {[%emt 0:00:05]} 26. Be2 {[%emt 0:01:35]} Rc8 {[%emt 0:03:15]} 27. Rd1 {[%emt 0:07:12]} Ke7 {[%emt 0:00:25]} 28. Bf3 {[%emt 0:02:39]} Qc7 {[%emt 0:00:07]} 29. Qd4 {[%emt 0:00:49]} Rd8 {[%emt 0:02:17]} 30. Qxd8+ {[%emt 0:00:15]} Qxd8 {[%emt 0:00:05]} 31. Rxd8 {[%emt 0:00:05]} Kxd8 {[%emt 0:00:02]} 32. Kf1 {[%emt 0:00:06]} 1/2-1/2

[Event "1st Heraklion Tal 2019"]
[Site "Heraklion"]
[Date "2019.05.05"]
[Round "7.1"]
[White "Kozhuharov, Spas"]
[Black "Dimitrov, Atanas"]
[Result "1/2-1/2"]
[WhiteElo "2434"]
[BlackElo "2282"]
[Annotator "NA"]
[PlyCount "30"]
[EventDate "2019.04.29"]
[EventType "tourn"]
[EventCountry "GRE"]
[SourceTitle "playchess.com"]
[Source "ChessBase"]
[SourceQuality "1"]
[TimeControl "40/5400+30:1800+30"]

1. d4 {[%emt 0:00:00]} d5 {[%emt 0:00:00]} 2. Bf4 {[%emt 0:00:00]} c5 {[%emt 0:00:00]} 3. e3 {[%emt 0:00:01]} cxd4 {[%emt 0:00:00]} 4. exd4 {[%emt 0:00:05]} Nc6 {[%emt 0:00:00]} 5. c3 {[%emt 0:00:35]} Nf6 {[%emt 0:00:04]} 6. Bd3 {[%emt 0:00:44]} g6 {[%emt 0:02:16]} 7. Nd2 {[%emt 0:02:23]} Bg7 {[%emt 0:00:06]} 8. Ne2 {[%emt 0:00:39]} O-O {[%emt 0:00:52]} 9. h3 {[%emt 0:01:24]} Nd7 {[%emt 0:05:41]} 10. Nf3 {[%emt 0:09:32]} e5 {[%emt 0:03:18]} 11. dxe5 {[%emt 0:02:21]} Ndxe5 {[%emt 0:00:10]} 12. Nxe5 {[%emt 0:00:05]} Nxe5 {[%emt 0:00:09]} 13. Bc2 {[%emt 0:00:24]} Qb6 {[%emt 0:14:05]} 14. Rb1 {[%emt 0:07:14]} Re8 {[%emt 0:01:24]} 15. O-O {[%emt 0:01:37]} Qa6 {[%emt 0:11:46]} 1/2-1/2

[Event "1st Heraklion Tal 2019"]
[Site "Heraklion"]
[Date "2019.05.05"]
[Round "7.2"]
[White "Navaratnam, Rohan Shan Tze"]
[Black "Dudin, Gleb"]
[Result "1/2-1/2"]
[WhiteElo "2068"]
[BlackElo "2332"]
[Annotator "ChessBase"]
[PlyCount "191"]
[EventDate "2019.04.29"]
[EventType "tourn"]
[EventCountry "GRE"]
[SourceTitle "playchess.com"]
[Source "ChessBase"]
[SourceQuality "1"]
[TimeControl "40/5400+30:1800+30"]

1. e4 {[%emt 0:00:00]} g6 {[%emt 0:05:34]} 2. d4 {[%emt 0:00:00]} Bg7 {[%emt 0:00:05]} 3. Nf3 {[%emt 0:00:00]} d6 {[%emt 0:00:26]} 4. c3 {[%emt 0:00:02]} Nd7 {[%emt 0:02:01]} 5. Bd3 {[%emt 0:02:05]} a6 {[%emt 0:00:55]} 6. O-O {[%emt 0:01:12]} e6 {[%emt 0:05:20]} 7. Bg5 {[%emt 0:09:17]} Ne7 {[%emt 0:00:42]} 8. Qd2 {[%emt 0:00:37]} h6 {[%emt 0:00:10]} 9. Be3 {[%emt 0:00:41]} b6 {[%emt 0:00:38]} 10. c4 {[%emt 0:08:14]} Bb7 {[%emt 0:02:21]} 11. Nc3 {[%emt 0:00:21]} g5 {[%emt 0:07:28]} 12. Ne1 {[%emt 0:07:54]} Ng6 {[%emt 0:17:47]} 13. Ne2 {[%emt 0:06:16]} Qe7 {[%emt 0:11:14]} 14. Nc2 {[%emt 0:02:51]} Bf6 {[%emt 0:07:33]} 15. b4 {[%emt 0:11:10]} c5 {[%emt 0:10:21]} 16. bxc5 {[%emt 0:12:13]} bxc5 {[%emt 0:05:35]} 17. Rab1 {[%emt 0:01:24]} cxd4 {[%emt 0:00:40]} 18. Bxd4 {[%emt 0:06:09]} Nc5 {[%emt 0:02:01]} 19. Bxf6 {[%emt 0:10:57]} Qxf6 {[%emt 0:00:06]} 20. f3 {[%emt 0:00:10]} Ne5 {[%emt 0:04:00]} 21. Nc1 {[%emt 0:00:01]} Qf4 {[%emt 0:02:17]} 22. Qxf4 {[%emt 0:04:42]} gxf4 {[%emt 0:00:02]} 23. Rd1 {[%emt 0:00:00]} O-O-O {[%emt 0:09:36]} 24. Bf1 {[%emt 0:00:20]} Kc7 {[%emt 0:00:40]} 25. Ne2 {[%emt 0:01:29]} Ng6 {[%emt 0:01:26]} 26. g3 {[%emt 0:02:30]} fxg3 {[%emt 0:00:31]} 27. hxg3 {[%emt 0:00:01]} Ne5 {[%emt 0:00:22]} 28. Ned4 {[%emt 0:00:33]} Rdg8 {[%emt 0:01:23]} 29. Kf2 {[%emt 0:00:36]} h5 {[%emt 0:00:55]} 30. Nb3 {[%emt 0:02:31]} Rg7 {[%emt 0:02:07]} 31. Ncd4 {[%emt 0:03:04]} Ned7 {[%emt 0:00:40]} 32. Ne2 {[%emt 0:03:18]} Rf8 {[%emt 0:00:31]} 33. Bh3 {[%emt 0:01:13]} Bc6 {[%emt 0:00:29]} 34. Rh1 {[%emt 0:00:30]} Nd3+ {[%emt 0:00:31]} 35. Ke3 {[%emt 0:00:35]} N3e5 {[%emt 0:00:07]} 36. Rbc1 {[%emt 0:00:22]} Rfg8 {[%emt 0:00:29]} 37. c5 {[%emt 0:01:02]} d5 {[%emt 0:00:37]} 38. Nbd4 {[%emt 0:00:24]} Nc4+ {[%emt 0:00:46]} 39. Kf2 {[%emt 0:00:29]} Nde5 {[%emt 0:00:28]} 40. Rc3 {[%emt 0:00:00]} dxe4 {[%emt 0:01:59]} 41. Nxc6 {[%emt 0:03:16]} Kxc6 {[%emt 0:05:42]} 42. fxe4 {[%emt 0:01:19]} Rd8 {[%emt 0:04:09]} 43. Bf1 {[%emt 0:12:24]} Ng4+ {[%emt 0:13:20]} 44. Ke1 {[%emt 0:04:40]} Nce3 {[%emt 0:03:17]} 45. Nf4 {[%emt 0:00:32]} Rb8 {[%emt 0:01:46]} 46. Bd3 {[%emt 0:05:25]} e5 {[%emt 0:02:32]} 47. Ne2 {[%emt 0:03:31]} Rh7 {[%emt 0:00:50]} 48. Ra3 {[%emt 0:00:38]} Kxc5 {[%emt 0:00:42]} 49. Ra5+ {[%emt 0:00:20]} Kb4 {[%emt 0:00:35]} 50. Rxa6 {[%emt 0:00:02]} Rd8 {[%emt 0:00:20]} 51. Rb6+ {[%emt 0:02:11]} Kc5 {[%emt 0:00:07]} 52. Rb5+ {[%emt 0:00:27]} Kc6 {[%emt 0:00:11]} 53. Rb3 {[%emt 0:00:09]} f6 {[%emt 0:01:12]} 54. Kd2 {[%emt 0:00:55]} Ra7 {[%emt 0:00:48]} 55. a3 {[%emt 0:01:58]} Rd6 {[%emt 0:00:34]} 56. Rc3+ {[%emt 0:01:10]} Kd7 {[%emt 0:00:24]} 57. Rxh5 {[%emt 0:01:37]} Ke6 {[%emt 0:00:35]} 58. Rh8 {[%emt 0:00:39]} Rad7 {[%emt 0:00:30]} 59. Nc1 {[%emt 0:00:51]} f5 {[%emt 0:00:26]} 60. exf5+ {[%emt 0:01:16]} Kf6 {[%emt 0:00:00]} 61. Re8 {[%emt 0:00:55]} Nf1+ {[%emt 0:01:01]} 62. Kc2 {[%emt 0:00:31]} Nge3+ {[%emt 0:00:33]} 63. Kb3 {[%emt 0:00:20]} Rb6+ {[%emt 0:00:29]} 64. Ka2 {[%emt 0:00:10]} Rdb7 {[%emt 0:00:32]} 65. Re6+ {[%emt 0:00:56]} Rxe6 {[%emt 0:00:14]} 66. fxe6 {[%emt 0:00:04]} Nd2 {[%emt 0:00:47]} 67. Ba6 {[%emt 0:00:42]} Rb6 {[%emt 0:00:29]} 68. Bc8 {[%emt 0:01:03]} Nd1 {[%emt 0:00:30]} 69. Rc2 {[%emt 0:00:22]} Ne4 {[%emt 0:00:14]} 70. Nb3 {[%emt 0:00:29]} Nec3+ {[%emt 0:00:29]} 71. Rxc3 {[%emt 0:00:34]} Nxc3+ {[%emt 0:00:01]} 72. Kb2 {[%emt 0:00:02]} Na4+ {[%emt 0:00:29]} 73. Ka2 {[%emt 0:00:00]} Rc6 {[%emt 0:00:38]} 74. Bd7 {[%emt 0:00:01]} Rc2+ {[%emt 0:00:08]} 75. Kb1 {[%emt 0:00:25]} Rb2+ {[%emt 0:00:28]} 76. Kc1 {[%emt 0:00:01]} Rxb3 {[%emt 0:00:03]} 77. Bxa4 {[%emt 0:00:09]} Rxa3 {[%emt 0:00:37]} 78. Bd7 {[%emt 0:00:01]} Rd3 {[%emt 0:00:34]} 79. Kc2 {[%emt 0:00:20]} Rd6 {[%emt 0:00:04]} 80. g4 {[%emt 0:00:32]} Rd4 {[%emt 0:02:14]} 81. g5+ {[%emt 0:00:22]} Ke7 {[%emt 0:00:07]} 82. g6 {[%emt 0:01:21]} Rg4 {[%emt 0:00:34]} 83. Kd3 {[%emt 0:00:08]} Kd6 {[%emt 0:00:26]} 84. g7 {[%emt 0:00:34]} Rxg7 {[%emt 0:00:15]} 85. Ke4 {[%emt 0:00:05]} Rg4+ {[%emt 0:00:47]} 86. Kf3 {[%emt 0:00:02]} Rf4+ {[%emt 0:00:49]} 87. Ke3 {[%emt 0:00:01]} Rh4 {[%emt 0:00:08]} 88. Kd3 {[%emt 0:00:13]} Rh7 {[%emt 0:00:41]} 89. Ke4 {[%emt 0:00:08]} Re7 {[%emt 0:00:15]} 90. Bc8 {[%emt 0:00:26]} Rc7 {[%emt 0:00:53]} 91. Bd7 {[%emt 0:00:11]} Rc4+ {[%emt 0:00:17]} 92. Kd3 {[%emt 0:00:01]} Rd4+ {[%emt 0:00:41]} 93. Ke3 {[%emt 0:00:01]} Ke7 {[%emt 0:00:07]} 94. Kf3 {[%emt 0:00:42]} Kf6 {[%emt 0:00:11]} 95. Ke3 {[%emt 0:00:05]} Rxd7 {[%emt 0:01:03]} 96. exd7 {[%emt 0:00:10]} 1/2-1/2

[Event "1st Heraklion Tal 2019"]
[Site "Heraklion"]
[Date "2019.05.05"]
[Round "7.3"]
[White "Stoyanov, Tsvetan"]
[Black "Milonakis, Georgios"]
[Result "1/2-1/2"]
[WhiteElo "2416"]
[BlackElo "2285"]
[Annotator "TA"]
[PlyCount "99"]
[EventDate "2019.04.29"]
[EventType "tourn"]
[EventCountry "GRE"]
[SourceTitle "playchess.com"]
[Source "ChessBase"]
[SourceQuality "1"]

{[%evp 18,99,22,24,28,25,24,29,45,48,47,37,41,22,69,63,64,72,73,49,73,81,89,93,127,54,56,43,63,12,64,19,31,0,65,40,177,179,180,172,172,181,167,175,170,140,131,127,185,185,196,175,187,114,145,22,45,5,59,32,40,33,31,41,168,45,31,33,117,120,712,483,696,465,383,28,139,20,139,0,0,0,164,0]} 1. e4 e5 2. Nf3 Nc6 3. Nc3 Nf6 4. Bb5 Bb4 5. O-O O-O 6. d3 Bxc3 7. bxc3 d6 8. Bg5 Qe7 9. Re1 Nd8 10. d4 c6 {C49: Four Knights: 4 Bb5 Bb4} (10... Ne6 11. Bc1 c5 {½-½ (11) Movsesian,S (2645)-Hracek,Z (2557) Biograd 2018}) 11. Bd3 Bg4 12. h3 Bh5 {White has an edge.} 13. Bh4 Re8 14. g4 Bg6 15. Bg3 $36 {[%mdl 2048] White is pushing.} Nd7 $146 ({Predecessor:} 15... Qc7 16. c4 c5 17. d5 b5 18. g5 bxc4 19. gxf6 cxd3 20. cxd3 {1-0 (33) Nagy,G (2449)-Carlsson,L (2093) Liberec 2017}) 16. Nh4 Nf8 17. Nf5 Qc7 18. h4 h6 19. f4 Nd7 20. g5 {Hoping for fxe5.} h5 21. Kh2 (21. a4 $16) 21... Ne6 $14 22. fxe5 dxe5 23. Be2 (23. Rb1 $14) 23... Nf4 (23... Qa5 $1 $11) 24. Bf3 {next dxe5 is good for White.} Rad8 25. Qd2 Nf8 (25... Nb6 $11) 26. Qe3 N8e6 (26... f6 $14) 27. dxe5 $1 $18 Qxe5 {[#]} 28. Nd4 $1 {[%cal Rd4e6][%mdl 512] And now Nxe6 would win.} Qc5 {[%cal Re6d4]} (28... Nxd4 29. cxd4) 29. Bxf4 Nxf4 30. Qxf4 Qxc3 31. Nb3 a5 {White should prevent ...a4.} 32. Re3 Qxc2+ (32... Qb2 $16) 33. Re2 Qc3 34. Rc1 Qb4 35. Rf1 (35. Qe3 $18) 35... c5 36. Ref2 (36. Rb1 $16) 36... c4 $11 37. Nc1 b5 ({Black should play} 37... c3 $11) 38. Ne2 $14 Qd6 $1 39. Qxd6 Rxd6 40. Nf4 b4 (40... Bxe4 $14 41. Bxh5 Bc6) 41. Nxh5 (41. Re1 $18) 41... Bxe4 42. Be2 Rd4 ({Black should try} 42... Bg6 $1 $14) 43. Rxf7 $16 Bd5 $2 {[%mdl 8192]} (43... g6 $16) 44. Rxg7+ $18 Kh8 45. Kg1 {White threatens Rf6 and mate.} Rxh4 {...Rh1+ is the strong threat.} 46. Rf6 $2 (46. Rd7 $1 $18 {[%cal Rd7d5]} Rh1+ 47. Kf2 Rh2+ 48. Kg3 Rhxe2 49. Rxd5) 46... Rh1+ $11 47. Kf2 {[%cal Rf6h6]} Rh2+ (47... Rxe2+ $1 $11 48. Kxe2 Rxh5) 48. Kg1 {[%cal Rf6h6]} Rh1+ ({Not} 48... Rg2+ 49. Kf1 Rf2+ 50. Kxf2 Rxe2+ {[%mdl 64] Remove Defender} 51. Kxe2 Bf3+ 52. Rxf3 c3 53. Rf8#) 49. Kf2 {[%cal Rf6h6]} Rh2+ {[#]} 50. Kg1 $2 {Accuracy: White = 54%, Black = 36%.} (50. Kg3 $1 $18 {[%cal Rf6h6]} Rg2+ 51. Kf4 Rf2+ 52. Kg4 Rxf6 53. gxf6 (53. Nxf6 Kxg7 54. Nxe8+ Kf8 $11) 53... Rxe2 {[#]} 54. Nf4 $1 {[%mdl 576] Double Attack}) 1/2-1/2

[Event "1st Heraklion Tal 2019"]
[Site "Heraklion"]
[Date "2019.05.05"]
[Round "7.4"]
[White "Antova, Gabriela"]
[Black "Marinakis, Hristos"]
[Result "1/2-1/2"]
[WhiteElo "2246"]
[BlackElo "2085"]
[Annotator "NA"]
[PlyCount "62"]
[EventDate "2019.04.29"]
[EventType "tourn"]
[EventCountry "GRE"]
[SourceTitle "playchess.com"]
[Source "ChessBase"]
[SourceQuality "1"]
[TimeControl "40/5400+30:1800+30"]

1. d4 {[%emt 0:00:00]} Nf6 {[%emt 0:00:00]} 2. c4 {[%emt 0:00:00]} e6 {[%emt 0:00:00]} 3. Nf3 {[%emt 0:00:00]} c5 {[%emt 0:00:00]} 4. d5 {[%emt 0:00:01]} b5 {[%emt 0:00:00]} 5. Bg5 {[%emt 0:00:12]} exd5 {[%emt 0:00:04]} 6. cxd5 {[%emt 0:00:08]} d6 {[%emt 0:00:03]} 7. e4 {[%emt 0:00:13]} a6 {[%emt 0:00:16]} 8. a4 {[%emt 0:00:15]} Be7 {[%emt 0:00:45]} 9. Bxf6 {[%emt 0:00:57]} Bxf6 {[%emt 0:00:07]} 10. axb5 {[%emt 0:00:03]} Bxb2 {[%emt 0:01:33]} 11. Ra2 {[%emt 0:00:08]} Bf6 {[%emt 0:00:23]} 12. Bd3 {[%emt 0:00:16]} O-O {[%emt 0:01:33]} 13. O-O {[%emt 0:00:27]} Bb7 {[%emt 0:02:26]} 14. Nbd2 {[%emt 0:01:09]} axb5 {[%emt 0:02:21]} 15. Rxa8 {[%emt 0:00:12]} Bxa8 {[%emt 0:00:02]} 16. Bxb5 {[%emt 0:00:10]} Nd7 {[%emt 0:04:03]} 17. Qa4 {[%emt 0:02:00]} Ne5 {[%emt 0:09:55]} 18. Nxe5 {[%emt 0:12:27]} Bxe5 {[%emt 0:00:04]} 19. Nc4 {[%emt 0:06:22]} Bd4 {[%emt 0:07:44]} 20. Bc6 {[%emt 0:07:27]} Bxc6 {[%emt 0:03:15]} 21. Qxc6 {[%emt 0:00:34]} Qe7 {[%emt 0:07:15]} 22. Nxd6 {[%emt 0:05:05]} Rd8 {[%emt 0:00:47]} 23. Nb7 {[%emt 0:30:05]} Rb8 {[%emt 0:03:49]} 24. Nd6 {[%emt 0:00:11]} Rd8 {[%emt 0:00:57]} 25. Nb7 {[%emt 0:01:15]} Rb8 {[%emt 0:00:23]} 26. Nd6 {[%emt 0:01:01]} g6 {[%emt 0:12:23]} 27. g3 {[%emt 0:04:42]} Rd8 {[%emt 0:04:24]} 28. Nb7 {[%emt 0:00:18]} Rb8 {[%emt 0:00:46]} 29. Nd6 {[%emt 0:00:23]} Rd8 {[%emt 0:00:29]} 30. Nb7 {[%emt 0:00:13]} Rb8 {[%emt 0:00:40]} 31. Nd6 {[%emt 0:00:09]} Rd8 {[%emt 0:01:25]} 1/2-1/2

[Event "1st Heraklion Tal 2019"]
[Site "Heraklion"]
[Date "2019.05.05"]
[Round "7.5"]
[White "De Seroux, Camille"]
[Black "Megalios, Konstantinos"]
[Result "1/2-1/2"]
[WhiteElo "2151"]
[BlackElo "2411"]
[Annotator "TA"]
[PlyCount "34"]
[EventDate "2019.04.29"]
[EventType "tourn"]
[EventCountry "GRE"]
[SourceTitle "playchess.com"]
[Source "ChessBase"]
[SourceQuality "1"]

{[%evp 13,34,0,77,93,98,64,102,106,93,95,98,102,99,112,240,145,178,156,223,208,190,175,180]} 1. e4 e5 2. Nf3 Nc6 3. c3 Nf6 4. d4 Nxe4 5. d5 Bc5 6. dxc6 Bxf2+ 7. Ke2 bxc6 {[#]} (7... Bb6 $1 $11 {keeps the balance.}) 8. Qa4 $1 $16 {[%cal Ra4e4] C44: Ponziani Opening and Scotch Gambit} f5 {[#]} (8... d5 9. Qxc6+ Kf8 10. Nbd2 Rb8 11. Nxe4 Bb7 12. Qa4 dxe4 13. Nxe5 Bh4 14. b3 Kg8 15. Be3 Qd6 {1-0 (37) Simacek,P (2485)-Soukup,J (2325) Czechia 2013}) 9. Nbd2 $1 {[%cal Rd2e4]} Bb6 10. Nxe4 {White is better.} fxe4 11. Qxe4 {And now Bg5 would win.} O-O 12. Kd1 {Bd3 is the strong threat.} d5 13. Qxe5 {Hoping for Bd3.} Bg4 (13... Bf5 $16) 14. Qg3 {White is clearly better.} Qd7 15. Bd2 $146 ({Predecessor:} 15. Bd3 d4 {0-1 (55) Uedemann,L-Pollock,W Lexington 1891}) 15... Qf5 (15... c5 $16 16. Kc1 Bf5) 16. Ba6 Rae8 {White should prevent ...Qe4.} 17. h3 Bh5 {Accuracy: White = 88%, Black = 37%.} 1/2-1/2

[Event "1st Heraklion Tal 2019"]
[Site "Heraklion"]
[Date "2019.05.06"]
[Round "8.2"]
[White "Marinakis, Hristos"]
[Black "De Seroux, Camille"]
[Result "1-0"]
[WhiteElo "2085"]
[BlackElo "2151"]
[Annotator "TA"]
[PlyCount "55"]
[EventDate "2019.04.29"]
[EventType "tourn"]
[EventCountry "GRE"]
[SourceTitle "playchess.com"]
[Source "ChessBase"]
[SourceQuality "1"]

{[%evp 15,77,0,0,-26,-34,-27,-15,-51,-37,-39,-36,-34,-44,-33,-18,-35,-29,-13,-18,-37,0,0,16,-17,-14,-51,-28,-137,0,0,0,19,58,50,51,50,283,278,939,933,2605,1083,1007,981,949,933,29989,29990,29990,695,686,682,652,592,579,564,1216,1179,1310,1462,1148,1067,1666,1341]} 1. e4 c5 2. Nf3 d6 3. d4 cxd4 4. Nxd4 Nf6 5. Nc3 a6 6. Bc4 e6 7. Bb3 Nbd7 8. Bg5 Nc5 9. f4 {B86: Sicilian Scheveningen/Najdorf: 6 Bc4, without early ...b5} (9. O-O Be7 10. Re1 h6 11. Bh4 Nxb3 12. axb3 g5 13. Bg3 e5 14. Nde2 Be6 15. f3 Rc8 16. Bf2 h5 17. Ng3 {½-½ (48) Rublevsky,S (2683)-Oparin,G (2602) Moscow 2017}) 9... Be7 10. Qf3 Qc7 11. f5 {The position is equal.} O-O $1 12. O-O b5 13. a3 Rb8 14. Rad1 b4 $146 ({Predecessor:} 14... Nxb3 15. Nxb3 b4 16. axb4 Rxb4 17. Qg3 Kh8 18. Bxf6 Bxf6 19. Qxd6 Qxd6 20. Rxd6 Bxc3 21. bxc3 Rxe4 {1-0 (42) Prince,B (2137)-Che,Q Vung Tau 2008}) 15. axb4 Nxb3 16. cxb3 Rxb4 17. Kh1 Bd7 (17... h6 $5 {[%cal Rh6g5]} 18. Bh4 Bd7 $11) 18. Qh3 Qb7 19. Rf3 Re8 20. Qh4 {Strongly threatening Rg3.} exf5 $1 21. Rg3 (21. exf5 $11 Bd8 22. Rg3) 21... Nxe4 $2 ({Black should try} 21... f4 $1 $17 {[%cal Rf4g3]} 22. Rgd3 h6 23. Bxf6 Bxf6 24. Qxf4 Be5) 22. Bxe7 $11 Nxg3+ 23. hxg3 Bc6 24. Bxd6 Bxg2+ 25. Kh2 Rb6 $2 (25... Rxb3 $14 26. Nxb3 Qxb3) 26. Nxf5 $18 {Black must now prevent Re1!} Bf3 $2 {[#]} (26... Bc6) 27. Re1 $1 {[%cal Re1e8][%mdl 512]} Qd7 {[#]} (27... Rxe1 28. Qd8+) 28. Rxe8+ {Played: Qh4-d4} 1-0